LIBRARY & INFORMATION CENTRE, KCAET, TAVANUR

ONLINE PUBLIC ACCESS CATALOGUE (OPAC)

Biochemistry of silage / (Record no. 9349)

MARC details
000 -LEADER
fixed length control field 00456cam a2200181ua 4500
020 ## - INTERNATIONAL STANDARD BOOK NUMBER
ISBN 0-0471-27965-X
041 ## - LANGUAGE CODE
Language code of text/sound track or separate title eng
082 ## - DEWEY DECIMAL CLASSIFICATION NUMBER
Classification number 574.192
Item number MCD/BI
100 ## - MAIN ENTRY--AUTHOR NAME
Personal name McDonald, Peter .
245 ## - TITLE STATEMENT
Title Biochemistry of silage /
250 ## - EDITION STATEMENT
Edition statement 1 /
260 ## - PUBLICATION, DISTRIBUTION, ETC. (IMPRINT)
Place of publication London :
Name of publisher John Wiley & Sons ,
Year of publication 1981.
300 ## - PHYSICAL DESCRIPTION
Number of Pages 226 ; .
942 ## - ADDED ENTRY ELEMENTS (KOHA)
Koha item type Books
Holdings
Withdrawn status Lost status Damaged status Home library Current library Date acquired Full call number Accession Number Koha item type
      KAUAET KAUAET 26/03/1987 574.192 MCD/BI 16160 Books
free website counter